00720nam a2200181 a 450000500170000000800410001702000180005805000240007610000190010024501310011926000520025030000180030244000240032052000400034465000210038499900190040595201140042420140412111220.0010523s19uu xx 00 eng d a0-8224-4267-1 aTR(GS 411bT44 1987 aTiedt, Iris M. aLearning to use written language, grades 1-3 :blessons from the South Bay writing project /cby Iris M. Tiedt and Nora G. Ho. aBelmont, CA :bDavid S. Lake Publishers,c1987. a92p. ; 20 cm. aFearon Teacher Aids aLesson plans and reproducible pages aWriting projects c101896d101896 001040aELbELcTRd2001-05-23eLib. Fundl0oTR(GS 411 T44 1987pE0007r2014-04-12 00:00:00w2014-04-12yBK